El Teatre a Taradell : dels inicis al 1936 / dels inicis al 1936 /
ISBN:
978409435425
Descripción Física:
155 pàgines : il·lustracions ; 24 cm
Otros Autores:
Gimeno, Antoni, 1951-
Materias:
Teatre -- Taradell (Catalunya) -- 1895-1936
; Teatre -- Taradell (Catalunya) -- Història -- S. XX
Idioma:
Catalán
MARC
| LEADER | 00000nam a2200000 a 4500 | ||
|---|---|---|---|
| 001 | 27384 | ||
| 003 | Arxiu | ||
| 005 | 20260324181153.0 | ||
| 008 | 230221s2022 spca|||| ||||s00| 0 cat c | ||
| 017 | |a DL B. 14707-2022 | ||
| 020 | |a 978409435425 | ||
| 040 | |a AGDB | ||
| 041 | 0 | |a cat | |
| 100 | 1 | |9 55797 |a Bosch, Emília, |d 1949- |e autora | |
| 245 | 1 | 3 | |a El Teatre a Taradell : |b dels inicis al 1936 / |c Emília Bosch i Antoni Gimeno |
| 250 | |a Primera edició | ||
| 260 | |a Barcelona : |b Ajuntament de Taradell, |c setembre de 2022 | ||
| 300 | |a 155 pàgines : |b il·lustracions ; |c 24 cm | ||
| 504 | |a Bibliografia: p. 153-155 | ||
| 650 | 0 | |9 55800 |a Teatre |z Taradell (Catalunya) |y 1895-1936 | |
| 650 | 0 | |9 55799 |a Teatre |z Taradell (Catalunya) |x Història |y S. XX | |
| 700 | 1 | |a Gimeno, Antoni, |d 1951- |e autor |9 35074 | |
| 710 | 2 | |9 51602 |a Taradell (Catalunya). |e entitat editora |b Ajuntament | |
| 942 | |2 udc |c ARXIU |n 1 | ||
| 952 | |0 0 |1 0 |4 0 |6 BIB1050 |7 1 |9 65329 |a Arxiu |b Arxiu |d 2023-02-21 |o Bib-1050 |p 27384 |r 2023-02-21 00:00:00 |w 2023-02-21 |y ARXIU | ||
| 999 | |c 83080 |d 83080 | ||